000 03704nam a22005894i 4500
003 PE-LiUPU
005 20250731165441.0
008 090324s2008 mx rb 001 0 spa d
020 _a9682484995
020 _a9789682484995
035 _a(Sirsi) i9789682484995
040 _aBNMEX
_bspa
_cBNMEX
_dPE-LiUPU
_erda
049 _aPRUA
082 0 4 _a001.4222
_bM26 2008
100 1 _aMartínez Miguelez, Miguel,
_eautor.
245 1 0 _aEpistemología y metodología cualitatita en las ciencias sociales /
_cMiguel Martínez Miguélez.
250 _aPrimera edición.
264 1 _aMéxico :
_bTrillas,
_c2008.
300 _a336 páginas ;
_c23 centímetros
336 _atext
_2rdacontent
337 _aunmediated
_2rdamedia
338 _avolume
_2rdacarrier
504 _aBibliografía : página 319.
504 _aIndice : página 330.
505 0 _aParte I - Epistemología: El desafío a la racionalidad clásica -- Bases epistemológicas de las ciencias sociales -- Nuevo paradigma epistemológico de la ciencia -- Conocimiento científico general y conocimiento ordinario -- Conceptualización de la transdisciplinariedad -- transdisciplinariedad y lógica dialéctica: un enfoque para la complejidad del mundo actual -- Bases epistemológica de una sociología posmoderna -- Paradigma sistémico y metodología de la investigación -- Parte II - Metodología cualitativa: La investigación cualitativa (síntesis conceptual) -- Elaboración de un proyecto de investigación -- Validez y confiabilidad en la metodología cualitativa -- Naturaleza y aplicabilidad de los modelos matemáticos -- Parte III - Aplicaciones epistemológicas y metodológicas: Educación para la convivencia cívica -- Nuevo paradigma para la educación -- El proceso enseñanza-aprendizaje a la luz de la Neurociencia. Aprender con todo el cerebro -- Ideas centrales para un nuevo paradigma en orientación -- La excelencia en la docencia universitaria -- El enfoque centrado en la persona y su paradigma epistémico -- Nuevo enfoque paradigmático de la medicina -- La bioética y su actual problemática -- Pertinencia social en la investigación endógena -- Desarrollo sustentable: sus valores, principios y estrategías -- La futura política económica -- Uso de programas computacionales en la estructuración teórica de "datos" cualitativos -- La explicación del mundo postula un ser supremo.(Más allá de lo visible).
526 _aSEG44
526 _aSEG26
526 _aP151
526 _aP150
526 _aP149
526 _aP146
526 _aP145
526 _aP126
526 _aP125
526 _aP92
526 _aP75
526 _aP74
526 _aP27
526 _aP15
541 _g0028-0000236;
650 1 7 _aSociología
_xMetodología.
_2local
650 2 7 _aInvestigación social
_xMetodología.
_2local
910 _btqv
_cwelc
_d20160712
910 _adbm
_bksl
_cksl
_d20171212
942 _2ddc
_cBOOK
949 _a001.4222 M26 2008
_wDEWEY
_c1
_iFJ00844
_lCCODEBUJ1
_mBUJ
_p14.18
_r0
_sY
_tBOOK
_u2016-7-12
_xFCE
_PP08
_0COMPRA
_o.STAFF. Colección General Juliaca
994 _aC0
_bPEPRU
596 _a1 3
999 _a001.4222 M26 2008
_wDEWEY
_c11027
_iFJ00844
_d11027
_e2017-6-2
_f2021-12-27
_g4
_lCCODEBUJ1
_mBUJ
_n1
_p14.18
_q2
_r0
_sY
_tBOOK
_u2016-7-12
_xFCE
_PP08
_0COMPRA
_o.STAFF. Colección General Juliaca
999 _a001.4222 M26
_wDEWEY
_c1
_i77432
_d2019-4-29
_e2018-11-18
_f2021-11-4
_g5
_lCCODEBUL1
_mBUL
_n3
_p29.69
_q3
_r0
_sY
_tBOOK
_u2017-12-12
_xBIBLIOTECA
_PP69
_0COMPRA
_o.STAFF. Colección Ciencias de la Salud
980 _81
_gALBERTO SANCHEZ Responsable de Automatización